000 00674nam a2200229Ia 4500
003 OSt
005 20220120154038.0
008 210716s2005 xx 000 0 und d
020 _a8178815648
040 _cAIMIT LIBRARY
041 _aeng
082 _a332.12
_21
_bRAOK
100 _aRao, Katuri Nageswara.
_913211
245 _aBanking:
_bthe Changing landscape /
_cby Katuri Nageswara Rao.
250 _a1st. ed. -
260 _aHyderabad:
_bICFAI University Press,
_c2005.
300 _axi,148p.;23cm
650 _aCorporate Governance
_913212
650 _aPrivate Banking
_913213
700 _aRao, Katuri Nageswara.
_913211
942 _2ddc
_cBK
_e1
_k332.12 RAOK
999 _c202289
_d202289